banner-ar

التصنيع والمدن الجديدة: (Record no. 55957)

MARC details
000 -الفاتح
حقل البيانات ثابتة الطول 00628nam a2200169Ia 4500
005 - وقت وتاريخ اخر تعامل مع التسجيلة
رقم الضبط 20240530105428.0
008 - عناصر البيانات ثابتة الطول - معلومات عامة
حقل البيانات ثابتة الطول 140319s9999 xx 000 0 ara d
040 ## - مصدر الفهرسة
وكالة الفهرسة الأصلية GCL /
وكالة النسخ GCL
082 04 - رقم تصنيف ديوى العشرى
رقم التصنيف 301.32
رقم المادة م ت
100 0# - المدخل الرئيسى - إسم شخصى
رمز الرابط محمد عباس ابراهيم
245 10 - بيان العنوان
العنوان التصنيع والمدن الجديدة:
بقية العنوان دراسة انثيرويولوجية لمدينة كيما بأسوان /
بيان المسئوليه,etc محمد عباس ابراهيم
260 ## - PUBLICATION, DISTRIBUTION, ETC. (IMPRINT)
تاريخ النشر أو التوزيع 1986
300 ## - الوصف المادى
التعداد 259 ص
490 ## - بيان السلسلة
عنوان السلسلة السلسلة السوسيوانثيرويولوجية
رقم المجلد/ التعيين التسلسلي 0
942 ## - عناصر المدخل الإضافي( كوها)
مصدر التصنيف او مخطط الترفيف Dewey Decimal Classification
Koha [default] item type كتاب
260 ## - PUBLICATION, DISTRIBUTION, ETC. (IMPRINT)
-- [S.N] :
-- دار المعرفة الجامعية ،
Holdings
حالة التراجع حالة الفقد حالة تلف ليس للاعارة المكان المؤقت الموقع الحالى تاريخ الاكتساب اجمالي اﻻعارات رقم الطلب الباركود تاريخ اخر مشاهدة تاريخ تفعيل السعر نوع وعاء كوها
        مكتبة القاهرة الكبرى مكتبة القاهرة الكبرى 03/26/2014   301.32\م ت 134244 03/26/2014 03/26/2014 كتاب

Powered By

EGPV